Les Meilleurs buteurs de la Premier League 2013-2014 - Statistiques

Statistiques générales
  • Ce quiz a été pris 115 fois
  • Le résultat moyen est 7 sur 10
Statistiques - réponses
Buts Nationalité Club Joueur % Correct
31 Uruguay Liverpool Luis Suárez
100%
17 Argentine Manchester City Sergio Agüero
91%
16 Bosnie-Herzégovine Manchester City Edin Džeko
90%
20 Côte d'Ivoire Manchester City Yaya Touré
88%
15 Belgique Everton Romelu Lukaku
85%
17 Angleterre Manchester United Wayne Rooney
83%
16 France Arsenal Olivier Giroud
81%
21 Angleterre Liverpool Daniel Sturridge
55%
16 Côte d'Ivoire Swansea City Wilfried Bony
55%
15 Angleterre Southampton Jay Rodriguez
0%
Aucun quiz correspondant
Distribution des résultats
% des personnes avec chaque résultat
Percentile par nombre de réponses
Votre historique - résultats
Vous n’avez pas pris ce quiz